000
00222nam a22000977a 4500
999
_c
507437
_d
507437
082
_a
L:1x5453 K45
245
_a
Budget, Kerala, 1973-74
260
_a
Trivandrum
_b
Government of Kerala
_c
1973
300
_a
v.p.
942
_2
ddc